00766nam a22001935i 4500001000700000003000900007005001700016008004100033040002000074100003300094245006100127260009400188300002200282600004400304650003000348852004900378999001900427952012600446157719ES-MaACL20250804062752.0040812s1898 fr |||| | fre d aCAM bspa cCAM1 aLichtenberger, Henri.97218813aLa philosophie de Nietzsche / cpar Henri Lichtenberger. aParis : bFélix Alcan éditeur, c1898 (eEvreux : fImprimerie de Charles Hérissey) a186 p. ; c19 cm.14aNietzsche, Friedrich,d1844-1900985718 7aFilosofía2embne912802 aES-MaACLjF-11843 z-- Enc. pasta española c157719d157719 001040708LIBXIXaATENEOMbATENEOMcSPP2d2008-01-17eSSCl0oF-11843p1165052r2023-02-23 00:00:00w2023-02-23yMONANT